000 00678nam a2200289Ia 4500
005 20260324112301.0
008 008 260324s9999 xx 000 0 eng d
020 _a9781003163893
037 _aEBOOK
040 _aCRL
040 _beng
040 _cCRL
041 _2eng
041 _aeng
084 _qCRL
100 _aJoe Parslow
_91142051
245 0 _aTheir Majesty
245 0 _bDrag Performance and Queer Communities in London
260 _bTaylor and Francis
260 _c2024
365 _a
365 _b240
856 _uhttp://www.taylorfrancis.com/books/9781003163893
942 _cEBOOK
999 _c1731200
_d1731200